| 000 | 00626nam a22002177a 4500 | ||
|---|---|---|---|
| 003 | UA-OsUOA | ||
| 001 | 26743 | ||
| 007 | ta | ||
| 008 | 20040121b un ||||| |||| 00| 0 ukr d | ||
| 090 | _a658 | ||
| 942 | _cBK | ||
| 040 |
_aUA-OsUOA _bukr _cUA-OsUOA _dUA-OsUOA |
||
| 245 |
_a**NOT VALID RECORD 123075**Фінанси України _bНауково-теоретичний та інформаційно-практичний журнал Міністерства фінансів України |
||
| 955 | _a0 | ||
| 041 | _aukr | ||
| 080 | _a658 | ||
| 260 | _aК. | ||
| 044 | _aUA | ||
| 650 | 7 | _2UDC | |
| 999 |
_c313071 _d313071 |
||